BIBLIOTECA PODER JUDICIAL
Portal Judicial TDF

Emplazar sin desplazar. La pluriparentalidad / (Registro nro. 6054)

000 -LEADER
fixed length control field 01015nab a22002177a 4500
003 - CONTROL NUMBER IDENTIFIER
control field OSt
005 - DATE AND TIME OF LATEST TRANSACTION
control field 20260120233447.0
008 - FIXED-LENGTH DATA ELEMENTS--GENERAL INFORMATION
fixed length control field 190514b xxu||||| |||| 00| 0 spa d
040 ## - CATALOGING SOURCE
Transcribing agency PJ
100 ## - MAIN ENTRY--PERSONAL NAME
9 (RLIN) 6152
Personal name Ricolfi, Miriam Florencia
245 10 - TITLE STATEMENT
Title Emplazar sin desplazar. La pluriparentalidad /
Statement of responsibility, etc Miriam Florencia Ricolfi.
300 ## - PHYSICAL DESCRIPTION
Extent p. 116-121
500 ## - GENERAL NOTE
General note Cita: TR LALEY AR/DOC/251/2024.
505 ## - FORMATTED CONTENTS NOTE
Formatted contents note Sumario: I. Introducción.— II. Situación fáctica.— III. Pluriparentalidad y familias.— IV. Cambios que propone la pluriparentalidad.— V. Conclusión.
505 ## - FORMATTED CONTENTS NOTE
Title Fallo comentado. JFamilia de Rawson ~ 11/07/2023 ~ Declaración judicial de situación de adoptabilidad del niño A. F. F. C.
650 #0 - SUBJECT ADDED ENTRY--TOPICAL TERM
9 (RLIN) 967
Topical term or geographic name as entry element DERECHO DE FAMILIA
650 #0 - SUBJECT ADDED ENTRY--TOPICAL TERM
9 (RLIN) 1004
Topical term or geographic name as entry element FILIACION
650 #0 - SUBJECT ADDED ENTRY--TOPICAL TERM
9 (RLIN) 1057
Topical term or geographic name as entry element JURISPRUDENCIA APLICABLE
773 0# - HOST ITEM ENTRY
Host Biblionumber 2844
Host Itemnumber 3222
Place, publisher, and date of publication Buenos Aires : AbeledoPerrot, 1989-
Title Derecho de familia. Revista Interdisciplinaria de doctrina y jurisprudencia. Abril 2024-II.
International Standard Book Number 18511201
942 ## - ADDED ENTRY ELEMENTS (KOHA)
Source of classification or shelving scheme
Koha item type Analítica Artículo de Revista

No hay ítems disponibles.

12 de Octubre 789 Ushuaia - Tel:  54(02901)441571
Horario de Atención: 8.00 a 17.00 hs. 
bibliotecaush@justierradelfuego.gov.ar
koha@justierradelfuego.gov.ar
Seguinos en nuestras redes @bibliojustdf 

Con tecnología Koha